00626cam a22002291 4500001001300000003000400013005001700017008004100034010001700075035001900092040004400111042001200155050001700167060002200184082000800206100005800214245002400272260002700296300004300323650001300366999001700379med47000089 DLC20260227111558.0770909s1946 xx 000 0 eng c amed47000089  a(OCoLC)3254605 aU.S. Army medical librarycOCdInUdDLC apremarc10aRA776b.M488 aWC 113 M559h 1946 a6131 aMeredith, Florence L.q(Florence Lyndon),d1883-1951.10aHealth and fitness. aBoston,bHeathc[1946] ax, 325 p.billus., ports.c24 x 19 cm. 0aHygiene. c37963d37963